| Tag |
First Indicator |
Second Indicator |
Subfields |
| LEADER |
00000cam a22000001a 4500 |
| 001 |
in00003206607 |
| 006 |
m d f |
| 007 |
cr bn mmmapmmp |
| 008 |
090623s1969 dcu o f000 0 eng d |
| 005 |
20260511210328.8 |
| 035 |
|
|
|a cis2007435002
|
| 040 |
|
|
|a UMI
|c UMI
|d UtOrBLW
|
| 043 |
|
|
|a n-us---
|
| 086 |
0 |
|
|a Y 4.F 76/2:F 76/13/969
|
| 099 |
|
|
|a HRG-1969-FOR-0036
|
| 110 |
1 |
|
|a United States.
|b Congress.
|b Senate.
|b Committee on Foreign Relations.
|
| 245 |
1 |
0 |
|a Foreign Assistance Act, 1969 :
|b hearings before the United States Senate Committee on Foreign Relations, Ninety-First Congress, first session, on July 14, 15, 18, Aug. 6, 1969.
|
| 264 |
|
1 |
|a Washington :
|b U.S. G.P.O.,
|c 1969.
|
| 300 |
|
|
|a 1 online resource.
|
| 336 |
|
|
|a text
|b txt
|2 rdacontent
|
| 337 |
|
|
|a computer
|b c
|2 rdamedia
|
| 338 |
|
|
|a online resource
|b cr
|2 rdacarrier
|
| 500 |
|
|
|a Record is based on bibliographic data in ProQuest Congressional Hearings Digital Collection. Reuse except for individual research requires license from ProQuest, LLC.
|
| 520 |
|
|
|a Considers S. 2347, to authorize FY70 foreign aid programs, including military assistance.
|
| 520 |
|
|
|a Considers (91) S. 2347.
|
| 538 |
|
|
|a System requirements: PDF reader software.
|
| 500 |
|
|
|a Electronic resource.
|
| 650 |
|
0 |
|a Technical assistance, American.
|
| 650 |
|
0 |
|a Military assistance, American.
|
| 650 |
|
0 |
|a Economic assistance, American.
|
| 655 |
|
7 |
|a Electronic books.
|2 local
|
| 710 |
2 |
|
|a ProQuest (Firm)
|
| 776 |
0 |
8 |
|i Print version:
|a United States. Congress. Senate. Committee on Foreign Relations.
|t Foreign Assistance Act, 1969
|
| 776 |
0 |
8 |
|i Microfiche version:
|a United States. Congress. Senate. Committee on Foreign Relations.
|t Foreign Assistance Act, 1969.
|d [Bethesda, Md.] : ProQuest,[2004]
|o CIS Hrgs MF Gp 3--(91) S2150-5
|w (ProQuest)cis10804599
|
| 830 |
|
0 |
|a U.S. Congressional Hearings.
|
| 856 |
4 |
0 |
|u http://proxy.library.tamu.edu/login?url=https://congressional.proquest.com/congcomp/getdoc?HEARING-ID=HRG-1969-FOR-0036
|z Connect to the full text of this electronic book
|t 0
|
| 998 |
|
|
|a cis10804599
|
| 999 |
|
|
|a MARS
|
| 999 |
f |
f |
|s e2247dd7-6be2-36a1-88f7-6de2765315de
|i 9ad0b499-5e68-3b93-b737-69b4ee5829a8
|t 0
|
| 952 |
f |
f |
|a Texas A&M University
|b College Station
|c Electronic Resources
|s www_evans
|d Available Online
|t 0
|e HRG-1969-FOR-0036
|h Other scheme
|
| 998 |
f |
f |
|a HRG-1969-FOR-0036
|t 0
|l Available Online
|